000
00251nam a22001217a 4500
999
_c
533471
_d
533471
040
_c
dlc
082
_a
823.914
100
_a
Barbara Taylor Bradford
_9
27379
245
_a
Three weeks in Paris
260
_c
2002
300
_a
323p
942
_2
ddc
_c
BK